| 000 | 00855nam a2200229Ii 4500 | ||
|---|---|---|---|
| 003 | JO-AjNU | ||
| 008 | 230605s9999||||xx |||||||||||||| ||und|| | ||
| 017 | _a2001/4/674 | ||
| 040 |
_aJO-AjNU _bara _erda _cJO-AjNU |
||
| 041 | _aara | ||
| 050 | 1 | 4 | _aLB2324 2001 |
| 100 | 3 |
_aجامعة ال البيت, _eauthor _957707 |
|
| 245 | 0 | 0 | _aالقوانين والانظمة والتعليمات التي صدرت في جامعة ال البيت، القسم الاول |
| 250 | _aط1 | ||
| 264 | 3 | 1 | _aالمفرق: جامعة ال البيت،2001 |
| 300 | _aالقسم الاول، 218ص | ||
| 336 |
_atext _btxt _2rdacontent |
||
| 337 |
_aunmediated _bn _2rdamedia |
||
| 338 |
_avolume _bnc _2rdacarrier |
||
| 490 | 0 | _aمنشورات جامعة ال البيت | |
| 650 | 4 |
_aالتعليم العالي-جامعة ال البيت-الاردن _957708 |
|
| 999 |
_aA25876 _c29444 _d29444 |
||